000 00525nam a2200181 4500
001 111830
003 ES-MaACL
005 20230906185353.0
007 t|
008 061121s1961 sp r ||||1| spa d
100 1 _aNeville, Edgar,
_d1899-1967
_985470
245 1 0 _aTeatro /
_cEdgar Neville.
260 _aMadrid :
_bBiblioteca Nueva,
_c1961.
300 _a2 v. ;
_c18 cm.
505 8 _aContiene: Prohibido en otoƱo; La vida en un hilo; Alta fidelidad
852 _aES-MaACL
_jP-872-bis
999 _c111830
_d111830